000 02825cam a2200397 a 4500
001 17091490
005 20170105102840.0
008 111214s2012 enka b 001 0 eng
010 _a 2011051622
020 _a9780415502412 (hbk)
020 _a9780203112823 (ebk)
035 _a(DNLM)101574622
040 _aDNLM/DLC
_cDLC
_dDLC
042 _apcc
050 0 0 _aR733
_b.M4235 2012
060 1 0 _aWB 890
082 0 0 _a615.50954
_223
245 0 0 _aMedical marginality in South Asia :
_bsituating subaltern therapeutics /
_cedited by David Hardiman and Projit Bihari Mukharji.
260 _aLondon ;
_aNew York :
_bRoutledge,
_c2012.
300 _axii, 202 p. :
_bill. ;
_c24 cm.
490 1 _aIntersections ;
_v6
504 _aIncludes bibliographical references (p. 193-194) and index.
520 _a"This book demarcates and records subaltern therapy as a distinct realm that both interacts with and resists statist medicine. It provides a more integrated approach that places the subaltern subject and subaltern therapy in an ongoing and historical relationship with state-sanctioned and elite forms of medical practice. Focusing on those who exist and practice in the shadow of statist medicine, examining how they operate, and how they experience being in this position, it offers a means to understand how subaltern practice has evolved and changed over time, and how it has related in ever-changing ways to other forms of medicine and healing. The result shows that there is considerable fluidity in this, so that a type of practice may be elite in one context, subaltern in another. Contributors examine statist medicine from a critical perspective, the forms that subaltern therapy assumes, and their logics, as well as the problem of transition, one of the central concerns of subaltern historiography. Finally, other forms of diverse therapeutic practice are discussed, which continue to enjoy mass popular support in South Asia to this day. Addresses an area of research that is expanding rapidly among anthropologists and historians today and including contributions by some of the leading figures in South Asian history, this book is a path-breaking contribution to the study of medicine and society, history and South Asian Studies"--
650 1 2 _aComplementary Therapies
_zIndia.
650 2 2 _aComplementary Therapies
_xhistory
_zIndia.
650 2 2 _aHealth Services Accessibility
_zIndia.
650 2 2 _aHealth Services Accessibility
_xhistory
_zIndia.
650 2 2 _aMedicine, Traditional
_zIndia.
650 2 2 _aMedicine, Traditional
_xhistory
_zIndia.
650 2 2 _aSocioeconomic Factors
_zIndia.
700 1 _aHardiman, David.
700 1 _aMukharji, Projit Bihari.
830 0 _aIntersections (London, England) ;
_v6.
906 _a7
_bcbc
_corignew
_d1
_eecip
_f20
_gy-gencatlg
942 _2ddc
_cBK
999 _c13838
_d13838